000 00888nam a2200193 a 4500
008 130326s2010 ||||||||||||||||| || u
020 _a9781439048757
050 _aQC 21.2 Jew
100 _aSerway, Raymond A
245 1 0 _aPhysics for scientists and engineers with modern physics. (8th ed.)
_cby John W. Jewett; Raymond A. Serway
250 _a8th ed.
260 _aAustralia:
_bBrooks/Cole Cengage Learning
_c2010
300 _axxxii, 1440p. various pagings.: ill.
650 0 _aPHYSICS
650 _aPHYSICS--HANDBOOKS, MANUALS, ETC
700 _aJewett, John W
995 _aMAIN LIBRARY OPEN ACCESS
_e743560
_FCBU-MAIN LIBRARY (Kitwe)
_jQC 21.2 Jew
_M2
_UAVAILABLE
_WApr 23, 2013
_y743560
_ZMain Library Open Access Collection
995 _aMAIN LIBRARY OPEN ACCESS
_e743559
_FCBU-MAIN LIBRARY (Kitwe)
_jQC 21.2 Jew
_M1
_UAVAILABLE
_WApr 23, 2013
_y743559
_ZMain Library Open Access Collection
999 _c81906
_d81906